Budapest tram line 51A stops - Statistics

General Stats
  • This quiz has been taken 25 times
  • The average score is 6 of 7
Answer Stats
Answer Interchange % Correct
Haller utca / Mester utca 2B, 23, 24
95%
Mester utca / Ferenc körút 4, 6, 51
95%
Bokréta utca
89%
Koppány utca 2B, 51
84%
Mester utca / Könyves Kálmán körút 1, 2B
84%
Vágóhíd utca 2B
84%
Ferencvárosi rendelőintézet
79%
No matching quizzes found
Score Distribution
Percent of People with Each Score
Percentile by Number Answered
Your Score History
You have not taken this quiz